• 首页
  • 本馆介绍
  • 公告通知
  • 最新文献
  • 馆藏检索
  • 电子资源
  • 读者导购
  • 参考咨询
  • 我的图书馆
  • 登录
  • 详细信息显示
  • 放入我的书架
  • 预约/预借图书
  • 作者相关作品
  • 分类相关作品
  • 丛书相关作品
  • 出版社相关作品

书目信息

  • 表格格式
  • 工作单格式
  • 卡片格式
题名:
麻辣百家
    
 
作者: 王宇春 著 ;李辉 插图
分册:  
出版信息: 沈阳   辽宁教育出版社  2005
页数: 268页
开本: 21cm
丛书名:
单 册:
中图分类: B220.5 , B222-49
科图分类:
主题词: 先秦哲学 , 先秦哲学--通俗读物 , 先秦哲学
电子资源:
ISBN: 7-5382-7301-8
000 00971nam0 2200277 450
001 1161731000
005 20110928171258.14
010    @a7-5382-7301-8@dCNY20.00
100    @a20060104d2005 em y0chiy50 ea
101 0  @achi
102    @aCN@b210000
105    @aa z 000yy
106    @ar
200 1  @a麻辣百家@e谋略 运筹 智慧 辩术@f王宇春著@g李辉插图@Ama la bai jia
210    @a沈阳@c辽宁教育出版社@d2005
215    @a268页@c图@d21cm
330    @a本书用尖酸辛辣的文风,精悍幽默的故事,化解《孙子兵法》《鬼谷子》《道德经》《易经》等核心思想——谋略、运筹、辩术,直达千年智慧的精髓。让你无论做人、谋事、处世、交际、管理,都能古为今用,招招致胜。
606 0  @a先秦哲学
606 0  @a先秦哲学@j通俗读物
606 0  @a先秦哲学
690    @aB220.5@v4
690    @aB222-49@v4
701  0 @a王宇春@4著@Awang yu chun
702  0 @a李辉@c(插图)@4插图@Ali hui
801  0 @aCN@b大连网信软件有限公司图书馆·11@c20110928
905    @a10447@dB222-49@eJY82
    
    麻辣百家:谋略 运筹 智慧 辩术/王宇春著/李辉插图.-沈阳:辽宁教育出版社,2005
    268页:图;21cm
    
    
    ISBN 7-5382-7301-8:CNY20.00
    本书用尖酸辛辣的文风,精悍幽默的故事,化解《孙子兵法》《鬼谷子》《道德经》《易经》等核心思想——谋略、运筹、辩术,直达千年智慧的精髓。让你无论做人、谋事、处世、交际、管理,都能古为今用,招招致胜。
●
相关链接 在E读中查询图书 在五车中查询图书 在当当中查询图书 在豆瓣中查询图书


正题名:麻辣百家     索取号:B222-49/JY82         预约/预借

序号 登录号 条形码 馆藏地/架位号 状态 备注
1 7824541   278245418   学院路分馆/ [索取号:B222-49/JY82] 在馆    
2 7824542   278245427   学院路分馆/ [索取号:B222-49/JY82] 在馆    
3 7824543   278245436   学院路分馆/ [索取号:B222-49/JY82] 在馆    
4 7824544   278245445   学院路分馆/ [索取号:B222-49/JY82] 在馆    
唐山师范学院图书馆 欢迎您!
大连网信软件有限公司© 版权所有